Bài tập vật lí lí thuyết Cơ học lí thuyết - điện động lực học và thuyết tương đối T.1

Tập 1 gồm các phần: Phần 1 cơ học lí thuyết, phần 2 điện động lực học và thuyết tương đối

Guardat en:
Dades bibliogràfiques
Autor principal: Nguyễn, Hữu Mình
Format: Llibre
Idioma:Undetermined
Publicat: H. Giáo dục 2007
Matèries:
Accés en línia:http://lrc.tdmu.edu.vn/opac/search/detail.asp?aID=2&ID=6914
Etiquetes: Afegir etiqueta
Sense etiquetes, Sigues el primer a etiquetar aquest registre!
Thư viện lưu trữ: Trung tâm Học liệu Trường Đại học Thủ Dầu Một
LEADER 00973nam a2200229Ia 4500
001 TDMU_6914
008 210410s9999 xx 000 0 und d
082 |a 530.076 
090 |b NG527 
100 |a Nguyễn, Hữu Mình 
245 0 |a Bài tập vật lí lí thuyết 
245 0 |b Cơ học lí thuyết - điện động lực học và thuyết tương đối 
245 0 |c Nguyễn Hữu Mình;Tạ Duy Lợi;Đỗ Đình Thanh 
245 0 |n T.1 
260 |a H. 
260 |b Giáo dục 
260 |c 2007 
300 |a 299tr 
520 |a Tập 1 gồm các phần: Phần 1 cơ học lí thuyết, phần 2 điện động lực học và thuyết tương đối 
650 |a Vật lí học; Cơ học; Điện động lực học 
856 |u http://lrc.tdmu.edu.vn/opac/search/detail.asp?aID=2&ID=6914 
980 |a Trung tâm Học liệu Trường Đại học Thủ Dầu Một